A borjak evési viselkedése egyedi ketreces és kiscsoportos tartásban (szoptató automata alkalmazásakor)
Elmentve itt :
| Szerző: | |
|---|---|
| További közreműködők: | |
| Dokumentumtípus: | Szakdolgozat |
| Megjelent: |
2000
|
| Kulcsszavak: | Borjúnevelés Takarmányozás, szarvasmarha Szoptató autómata |
| Tárgyszavak: | |
| Online Access: | http://diploma.bibl.u-szeged.hu/100631 |
| LEADER | 00821nta a2200229 i 4500 | ||
|---|---|---|---|
| 001 | dipl100631 | ||
| 005 | 20211123092449.0 | ||
| 008 | 211118s2000 hu om 0|| hun d | ||
| 040 | |a SZTE Diploma Repozitórium |b hun | ||
| 041 | |a hun | ||
| 100 | 1 | |a Drága Csaba | |
| 245 | 1 | 2 | |a A borjak evési viselkedése egyedi ketreces és kiscsoportos tartásban (szoptató automata alkalmazásakor) |h [elektronikus dokumentum] / |c Csaba Drága |
| 260 | |c 2000 | ||
| 300 | |a 62 | ||
| 650 | 4 | |a Agrár | |
| 650 | 4 | |a Agricultural sciences | |
| 650 | 4 | |a Agriculture, forestry and fisheries | |
| 695 | |a Borjúnevelés | ||
| 695 | |a Takarmányozás, szarvasmarha | ||
| 695 | |a Szoptató autómata | ||
| 700 | 2 | |a Szűcsné Dr. Péter Judit |e ths | |
| 856 | 4 | 0 | |u http://diploma.bibl.u-szeged.hu/id/eprint/100631/1/2000_draga_csaba.pdf |z Dokumentum-elérés |